000 00585nam a2200169 a 4500
005 20140412111318.0
008 010419s19uu xx 00 eng d
020 _a97150-8021-9
050 _aFIL 523.5
_bT629 1996
100 _aTobias, Mary Ann Manalang
245 _aEstrellita :
_bthe little wishing star /
_cMary Ann Manalang Tobias.
260 _aQuezon City, Philippines :
_bAdarna Book Services, Inc,
_c1995.
300 _a1v. (unp.) ; ill.
500 _a1995 2nd Price Palanca Memorial Award for Children Story
650 _aChildren's stories, Philippines
999 _c104307
_d104307